000 00442nam a2200121 4500
999 _c516146
_d516146
082 _aTNC K18x5471 K527
100 _aKhan, Mohammad Mohabbat and Zafarullah, Habib Mohammad.
_922538
245 _aPolitics and bureaucracy in a new nation Bangladesh
260 _aBangladesh
_bCenter for administrative studies
_c1980
300 _a259p.
650 _aBureaucracy - Bangladesh
_922539
650 _aBangladesh - Politics and government
_922540